| 000 | 00530nam a2200145Ia 4500 | ||
|---|---|---|---|
| 008 | 081213s9999 xx 000 0 und d | ||
| 050 |
_aRC480 _b.R83 1976 |
||
| 100 | _aRuben, Harvey L. | ||
| 245 |
_aC.I. : Crisis intervention _cHarvey L. Ruben |
||
| 260 |
_c1976 _aNew York _bPopular Library |
||
| 300 |
_a222 p. _c20 cm. |
||
| 650 | _aCrisis intervention ( mental health) | ||
| 942 |
_cBK _2lcc |
||
| 999 |
_c2043 _d2043 |
||